000 00584nam a2200181Ia 4500
003 GCL
008 140319s9999 xx 000 0 ara d
040 _aGCL /
_cGCL
082 0 4 _a813.01
_bع ط
100 1 _aعبدالستار ناصر
245 1 0 _aطائر الحقيقة : قصص قصيرة /
_cعبدالستار ناصر
300 _a133 ص
490 _aسلسلة كتابات جديدة
_v0
650 0 4 _aالقصص القصيرة
650 0 4 _aالقصص العربية القصيرة
650 0 4 _aالادب العربى - العصر الحديث
942 _2ddc
_cBK
999 _c39940
_d39940